zpět

Detail výsledku týmu

Pub Na Plech ČT - Žižkov, Praha

Datum a čas kvízu

14 Celkem bodů Celkový počet nahraných bodů na tomto kvízu bez doplňovacích otázek.
10. Pořadí na kvízu Konečné umístění týmu na tomto kvízu.

Zaznamenané odpovědi

# Otázka Odpověď Body Výsledky
1. Který český politik a lékař če... Bohuslav Svoboda 0
2. Humanoidní robot Muhammad na v... osahával ženu 0
3. Jak se nazývá soutěžní reality... Peče celá země 0
4. Automobilka Škoda představila... Epiq 0
5. K zajímavému hecování došlo v... pizzu s ananasem 0
6. Téma začneme v Evropě. Seřaďte... 1B 2D 3A 4C 0
7. V čele kterého ostrovního stát... Kuba 1
8. Které z těchto zvířat nežije p... A 0
9. Kolik ostrovních států se nach... jeden 0
10. Jak se jmenuje ostrovní stát,... Tonga 0